000 00849nam a2200205 i 4500
001 176685
003 ES-MaACL
005 20230906220148.0
008 110202s1888 sp |||| | spa d
080 _a378.5(460.182 B.)(060.55)
110 2 _aInstituto Provincial de Segunda Enseñanza de Burgos.
_9144975
245 1 0 _aMemoria acerca del estado del Instituto de Segunda Enseñanza de Burgos durante el curso escolar de 1887-88 /
_c[por Rafael de la Vega y Areta].
260 _aBurgos :
_b[s.n.],
_c1888 (
_fImp. y est. de Polo)
300 _a51 p. ;
_c21 cm.
594 _aPrecede al tít en cubierta: Instituto de Burgos.
594 _aAutor anotado a mano, no impreso.
610 2 4 _aInstituto Provincial de Segunda Enseñanza de Burgos-
_vMemorias.
_9144972
700 1 _aVega y Areta, Rafael de.
_9133583
852 _aES-MaACL
_jT-867-F-4
999 _c176685
_d176685